| 000 | 01115nam a22002537a 4500 | ||
|---|---|---|---|
| 005 | 20170124103122.0 | ||
| 010 | _aA-984404 | ||
| 020 |
_c100.00 _a8177140140 |
||
| 035 | _aA-984404 | ||
| 037 | _bCen Lib/Ret | ||
| 040 |
_aDPL _bHN |
||
| 082 |
_a305.56 _bआर्यजि |
||
| 100 |
_aआर्य, जियालाल _982234 |
||
| 245 |
_aआरक्षण और राज्य का दायित्व / _cजियालाल आर्य |
||
| 246 |
_aAarakshan aur rajye ka dayitv / _bby Jiyalal Aarya |
||
| 260 |
_bप्रकाशन संस्थान _aनयी दिल्ली _c2000 |
||
| 270 |
_bनयी दिल्ली _a4715/21, दयानन्द मार्ग, दरियागंज _e110002 |
||
| 300 |
_a109पृ. _c20सेमी(सजिल्द) |
||
| 650 |
_aयोग्यता -- आरक्षण _9239 |
||
| 650 |
_aसंवैधानिक व्यवस्था _9717 |
||
| 650 |
_aQualifications - reservation _982235 |
||
| 650 |
_aConstitutional law _982236 |
||
| 942 |
_2ddc _cHN _h305.56 _mआर्यजि |
||
| 999 |
_c118863 _d118863 |
||